Country by Second Most Populated City - Statistics

General Stats
  • This quiz has been taken 22 times
  • The average score is 12 of 20
Answer Stats
Hint Answer % Correct
Split Croatia
90%
Cork Ireland
90%
Christchurch New Zealand
81%
Fez Morocco
76%
Busan South Korea
76%
Brno Czech Republic
71%
Aarhus Denmark
71%
Novi Sad Serbia
67%
Plovdiv Bulgaria
62%
Surabaya Indonesia
62%
Chittagong Bangladesh
52%
Debrecen Hungary
52%
Arequipa Peru
52%
Cebu Philippines
52%
Aden Yemen
52%
Kaunas Lithuania
43%
Kano Nigeria
43%
Nonthabury Thailand
38%
Ecatepec Mexico
29%
Hamhung North Korea
29%
No matching quizzes found
Score Distribution
Percent of People with Each Score
Percentile by Number Answered
Your Score History
You have not taken this quiz